The Selfish Gene

Enregistré dans:
Détails bibliographiques
Auteur principal: Dawkins, Richard
Format: Livre
Langue:Undetermined
Publié: Oxford Oxford University Press 1989
Sujets:
Tags: Ajouter un tag
Pas de tags, Soyez le premier à ajouter un tag!
Thư viện lưu trữ: Trung tâm Học liệu Trường Đại học Cần Thơ
LEADER 00472nam a2200181Ia 4500
001 CTU_79993
008 210402s9999 xx 000 0 und d
082 |a 591.7 
082 |b D271 
100 |a Dawkins, Richard 
245 4 |a The Selfish Gene 
245 0 |c Richard Dawkins 
260 |a Oxford 
260 |b Oxford University Press 
260 |c 1989 
650 |a Genetics,Selfish 
904 |i Trọng Hải 
980 |a Trung tâm Học liệu Trường Đại học Cần Thơ